000 01057nam a2200241 a 4500
008 190927s2013 ||||||||||||||||| || u
050 _aBJOG(05)IJOG/2013/120/1A
110 _aBJOG
245 1 3 _aAn international journal of obstetrics and gynaecology
_cBJOG
260 _aUnited Kingdom
_bWiley-Blackwell
_c2013
300 _a126 pages.: illustrations.
490 _aInternational Journal of Obstetrics and Gynaecology
490 _vVol. 120 No. 1
500 _aIncludes bibliographies
650 _aOBSTETRIC--STUDY AND TEACHING
650 _aGYNECOLOGY
650 _aMATERNAL HEALTH SERVICES
650 _aPRENATAL CARE
650 _aCHILD HEALTH SERVICES
650 _aMOTHERS--MORTALITY--STATISTICS
995 _aSPECIAL COLLECTIONS
_e4146
_FCBU-SCHOOL OF MEDICINE LIBRARY (Ndola)
_jBJOG(05)IJOG/2013/120/1A
_M1
_UAVAILABLE
_WSep 27, 2019
_yB4146
_ZcInternational Publications
995 _aSPECIAL COLLECTIONS
_e4147
_FCBU-SCHOOL OF MEDICINE LIBRARY (Ndola)
_jBJOG(05)IJOG/2013/120/1A
_M2
_UAVAILABLE
_WSep 27, 2019
_yB4147
_ZInternational Publications
999 _c64285
_d64285